vufinder Bibliothèque Municipale de Charleval de Provence
Se connecter

Parfums

Book Cover
Auteur principal: Philippe Claudel Auteur du texte
Support: Livres
Langue: Francais
Genre: Roman (gros caractères)
Sujets:
Étiquettes: Ajouter
Pas de Tags !

LEADER 00919nam0a2200181 450
001 16847708
010 |a 978-2-84666-743-2  |b br.  |d 22 € 
100 |a 20130204d2013 u u0frey01 ba 
101 0 |a fre 
102 |a FR 
200 0 |a Parfums  |f Philippe Claudel 
207 1 |a   
215 |a 1 vol. (302 p.)  |d 24 x 15 cm 
330 |a Une soixantaine de fragments qui évoquent les souvenirs de l'auteur des parfums de son enfance et son adolescence : l'après-rasage, la crème solaire, les Gauloises et les Gitanes, la cannelle, le charbon, l'encre, le foin, le pull-over de l'oncle... Ces évocations rendent hommage aux origines de P. Claudel, à sa famille et à la ville où il est né. 
700 0 |a Claudel  |b Philippe  |c Auteur du texte  |f 1962-....  |4 70 
900 |a Roman (gros caractères) 
901 |a Accessible au prêt 
995 |a Bibliothèque  |c Bibliothèque  |f 00156008737462  |h 00156008737462  |k R CLA  |o p  |q a  |r az  |e Bibliothèque 

Options de recherche

Historique de recherche
Recherche avancée

Trouver plus

Nouveautés

Besoin d'aide ?

Contacter un bibliothécaire